000 00802nam a22001817a 4500
999 _c100319
_d100319
008 201130b ||||| |||| 00| 0 eng d
040 _bger
_cDE-2950
_erda
_aDE-2950
041 _ager
100 _aLang, Elke:
245 _aEin buntes Mosaik märkischer Schaffenskraft.
_bLiteratur: Eine Gruppe Schriftsteller hat im Kleist-Museum die lyrische Sammlung "Hier ist herrlich arbeiten" vorgestellt, darunter auch die Landtagspräsidentin /
_cElke Lang
653 _aVerband deutscher Schriftsteller im Land Brandenburg
653 _aNeuerscheinung
773 _dFrankfurt (Oder): Märkisches Verlags- und Druckhaus GmbH & Co KG
_g32. Jahrgang (2021) Nr. 122 vom 29./30.05.2021, S.20: Foto
_tMärkische Oderzeitung
942 _cA